000 00187 a2200097 4500
001 23403
100 _aPaget, E
245 _aPhilly
260 _a
_bDeutsch
_c1968
090 _c15807
_d15807
942 _aNUST-CAE
_cM
_c6455
999 _c258476
_d258476